Graphs an introductory approach: a first course in discrete mathematics

שמור ב:
מידע ביבליוגרפי
Main Authors: Wilson, Robin J (Author), Watkins, John J (Author)
פורמט: ספר
שפה:אנגלית
יצא לאור: Nueva York John Wiley 1990
נושאים:
תגים: הוספת תג
אין תגיות, היה/י הראשונ/ה לתייג את הרשומה!

MARC

LEADER 00000nam a2200000 a 4500
001 UCW1486
003 CL-VaPUC
008 920708e19900000US |||||||||||||||||eng|d
082 0 4 |a 511.5  |b WIL  |2 21 
100 0 |a Wilson, Robin J  |e author  |9 305479 
700 0 |a Watkins, John J  |e author  |9 305480 
245 1 0 |a Graphs an introductory approach: a first course in discrete mathematics 
300 |a 340 p 
942 |c BK 
945 |d 19920708 00:00:00 
260 |a Nueva York  |b John Wiley  |c 1990 
650 0 |a Teoría de grafos  |9 269886 
583 |a last modification  |c 19920708 00:00:00  |k Rodrigo Vera 
999 |c 216372  |d 216370 
952 |0 0  |1 0  |4 0  |6 511_500000000000000_WIL_1990  |7 0  |8 A  |9 202052  |a BIBMAT  |b BIBMAT  |d 2019-11-14  |i 2691957  |o 511.5 WIL 1990  |p 2691957  |r 2025-01-07  |w 2019-11-14  |y BK  |k MAT